Notes on instrumentation and control (Record no. 3411)
[ view plain ]
| 000 -LEADER | |
|---|---|
| fixed length control field | 00349nam a2200145Ia 4500 |
| 008 - FIXED-LENGTH DATA ELEMENTS--GENERAL INFORMATION | |
| fixed length control field | 200103s9999||||xx |||||||||||||| ||und|| |
| 020 ## - INTERNATIONAL STANDARD BOOK NUMBER | |
| International Standard Book Number | 9780540073443 |
| 082 ## - DEWEY DECIMAL CLASSIFICATION NUMBER | |
| Classification number | Column-5 |
| 100 ## - MAIN ENTRY--PERSONAL NAME | |
| Personal name | Roy, G J |
| 245 #0 - TITLE STATEMENT | |
| Title | Notes on instrumentation and control |
| 260 ## - PUBLICATION, DISTRIBUTION, ETC. (IMPRINT) | |
| Name of publisher, distributor, etc | London Stanford Maritime |
| Date of publication, distribution, etc | 1983 |
| 300 ## - PHYSICAL DESCRIPTION | |
| Extent | 141 |
| 942 ## - ADDED ENTRY ELEMENTS (KOHA) | |
| Item type | Books |
No items available.


